| 000 | 00474nam a22001697a 4500 | ||
|---|---|---|---|
| 003 | OSt | ||
| 005 | 20251218073904.0 | ||
| 008 | 251218b |||||||| |||| 00| 0 eng d | ||
| 020 | _a0-684-80452-2 | ||
| 040 |
_aDWCL-Main lib. _cOC. |
||
| 082 | _aFic. F H373g 1987 | ||
| 100 | _aHemingway, Ernest | ||
| 245 |
_aThe garden of eden/ _cErnerst Hemingway |
||
| 260 |
_aNew York : _bSimon & Schuster, _cc1987. |
||
| 300 |
_a247 p. ; _c 20 cm. |
||
| 942 |
_2ddc _cFIC. _hFic. _n0 |
||
| 999 |
_c7202 _d7202 |
||